[Event "RUS-chT Premier League 2018"]
[Site "Sochi"]
[Date "2018.05.09"]
[Round "8"]
[White "Skatchkov, Valery"]
[Black "Riazantsev, Alexander"]
[Result "0-1"]
[WhiteElo "2338"]
[BlackElo "2662"]
[Annotator "TA"]
[PlyCount "96"]
[EventDate "2018.??.??"]
[EventCountry "RUS"]
[SourceTitle "playchess.com"]
[Source "ChessBase"]
[SourceQuality "1"]

{[%evp 11,96,20,25,0,0,-2,0,0,0,0,0,-11,-16,-40,-39,-36,-37,-29,-37,-27,-21,-21,-16,-17,-28,-76,-77,-84,-85,-179,-173,-164,-158,-164,-163,-202,-191,-215,-217,-210,-212,-213,-144,-211,-213,-263,-268,-265,-270,-350,-353,-344,-341,-418,-409,-379,-314,-430,-430,-424,-413,-726,-431,-501,-511,-509,-509,-606,-536,-515,-511,-508,-507,-507,-502,-488,-483,-481,-463,-513,-504,-627,-631,-647,-650,-745,-736]} 1. d4 Nf6 2. c4 e6 3. Nf3 a6 4. Nc3 d5 5. cxd5 exd5 6. Bg5 {D37: Queen's Gambit Declined: 5 Bf4} Be6 {LiveBook: 209 Games} 7. g3 (7. e3 Nbd7 8. Bd3 Bd6 9. Bf4 Qe7 10. O-O O-O 11. h3 Rfe8 12. Qc2 {½-½ (12) Aronian,L (2805)-Carlsen,M (2837) Riadh 2017}) 7... Nbd7 8. Bg2 {The position is equal.} Be7 $146 ({Predecessor:} 8... Bd6 9. O-O h6 10. Bxf6 Nxf6 11. Qb3 Rb8 12. Rac1 O-O 13. Na4 c6 {1-0 (63) Jakubowski,K (2529)-Yankelevich,L (2442) Germany 2017}) 9. O-O c6 10. Qc2 O-O 11. Rad1 Re8 12. Ne5 Nxe5 13. dxe5 Ng4 14. Bxe7 Qxe7 15. e4 dxe4 16. Qxe4 Qc5 17. Rde1 Rad8 $36 {[%mdl 2048] aiming for ...Rd4. Black has some pressure.} 18. Na4 Qa5 19. Nc3 Bc8 20. b4 (20. h3 $17 Rxe5 21. Qf4 Rxe1 22. Rxe1) 20... Qa3 $19 ({But not} 20... Qxe5 21. Qxe5 Nxe5 22. f4 $17) 21. Nb1 Qxa2 22. Re2 Qa1 {[%cal Re8e5]} 23. Qc2 Rxe5 24. Rd2 Rde8 25. Nc3 Re1 26. Ne4 Rxf1+ 27. Bxf1 Bf5 28. h3 Bxe4 29. Qxe4 {[%cal Re4e8] [#]} Nf6 30. Qc4 g6 31. Kg2 Kg7 32. Bd3 Re1 33. Bc2 Nd5 34. Bb3 Rg1+ 35. Kh2 Rb1 ({Don't do} 35... Rh1+ 36. Kg2 $19) 36. Qd3 (36. Ba2 $142 Rxb4 37. Qe2) 36... Nxb4 {Black is clearly winning.} 37. Qf3 Qf6 38. Qe3 {If only White now had time for Bxf7!...} Rb2 39. Bxf7 Rxd2 40. Qxd2 Kxf7 41. Qxb4 Qxf2+ {[%mdl 4096] Endgame KQ-KQ} 42. Kh1 Qf3+ 43. Kh2 Qe2+ 44. Kg1 Qe7 45. Qf4+ Ke6 46. Qe4+ Kd7 47. Qd4+ Kc7 48. Qf4+ Kb6 {Precision: White = 40%, Black = 83%.} 0-1

[Event "RUS-chT Premier League 2018"]
[Site "Sochi"]
[Date "2018.05.09"]
[Round "8"]
[White "Pogorelskikh, Sergey"]
[Black "Bologan, Victor"]
[Result "0-1"]
[WhiteElo "2142"]
[BlackElo "2610"]
[Annotator "TA"]
[PlyCount "74"]
[EventDate "2018.??.??"]
[EventCountry "RUS"]
[SourceTitle "playchess.com"]
[Source "ChessBase"]
[SourceQuality "1"]

{[%evp 12,74,41,12,43,35,41,52,63,48,43,39,30,31,27,0,0,0,15,14,20,27,18,0,0,0,0,-40,-30,-44,0,0,0,-209,-202,-180,-189,-226,-223,-404,-397,-391,-371,-376,-335,-599,-565,-525,-521,-2016,-2006,-1883,-1965,-1924,-672,-1870,-1824,-1608,-1561,-2341,-2145,-2379,-2226,-29974,-29974]} 1. e4 c5 2. Nf3 e6 3. d4 cxd4 4. Nxd4 a6 5. Bd3 g6 6. c4 Bg7 7. Nf3 {LiveBook: 19 Games. B42: Sicilian: Kan Variation: 5 Bd3} (7. Be3 Ne7 8. Nc3 Nbc6 9. Nxc6 bxc6 10. c5 Rb8 11. Qd2 O-O 12. O-O f5 13. f3 Qc7 14. Rad1 f4 15. Bf2 g5 {1-0 (31) Ponkratov,P (2613)-Shengelia,D (2508) Batumi 2018}) 7... Nf6 8. Nc3 $146 ({Predecessor:} 8. O-O d6 9. Nc3 O-O 10. Bg5 h6 11. Bf4 Nh5 12. Be3 Qc7 13. Qd2 Kh7 14. Rac1 Nd7 15. Rfd1 Re8 16. Bb1 Bf8 17. b3 b6 18. Kh1 Bb7 19. Qe2 Nhf6 20. Nh4 Nc5 21. Qf3 Bg7 22. Bd4 Qe7 23. Qh3 e5 {½-½ (23) Neubauer,M (2270)-Sader,M (2300) Austria 1995}) 8... O-O 9. O-O {White is slightly better.} Qc7 10. Re1 Nc6 11. Bf1 b6 12. Bg5 h6 13. Bh4 Nh5 $1 14. Rc1 g5 15. Nd2 Nf4 16. Bg3 Ne5 17. h4 Bb7 $36 {[%mdl 2048] Black is more active.} 18. hxg5 (18. Nf3 {seems wilder.} Nxf3+ 19. Qxf3 f5 20. Rcd1 Rf7 21. hxg5 hxg5 22. Qh5) 18... hxg5 19. Nf3 Nxf3+ ({Don't blunder} 19... Nxc4 $2 20. Bxc4 Qxc4 21. Nxg5 $18) 20. Qxf3 f5 21. Bxf4 gxf4 22. Bd3 $2 (22. Qh3 $11 {and White is okay.}) 22... Rf6 $19 23. Kf1 Rh6 24. Ke2 {[#]} b5 $1 {[%cal Bb6b5,Bb5b4][%mdl 544]} 25. Rh1 $2 (25. cxb5 axb5 26. a3) 25... Rxh1 26. Rxh1 b4 27. Nd5 exd5 28. Qh5 $2 (28. exd5 {is the only way for White.} Qe5+ 29. Kd1) 28... Qe5 29. Qh7+ Kf7 30. Rh5 Qxb2+ 31. Kd1 Qa1+ 32. Ke2 Qxa2+ 33. Kd1 Qa1+ 34. Ke2 Qb2+ 35. Kd1 fxe4 36. Rf5+ Ke7 {...Rh8 is the strong threat.} 37. Rg5 Qa1+ {Precision: White = 42%, Black = 58%.} 0-1

[Event "RUS-chT Premier League 2018"]
[Site "Sochi"]
[Date "2018.05.10"]
[Round "9"]
[White "Vitiugov, Nikita"]
[Black "Tomashevsky, Evgeny"]
[Result "1/2-1/2"]
[WhiteElo "2740"]
[BlackElo "2714"]
[Annotator "TA"]
[PlyCount "41"]
[EventDate "2018.??.??"]
[EventCountry "RUS"]
[SourceTitle "playchess.com"]
[Source "ChessBase"]
[SourceQuality "1"]

{[%evp 21,41,0,0,0,6,0,0,0,-7,-8,0,0,0,0,0,0,0,0,0,0,0,0]} 1. d4 Nf6 2. c4 e6 3. Nf3 Bb4+ 4. Nbd2 O-O 5. a3 Be7 6. e4 {[%cal Be2e4,Be4e5][%mdl 32]} d5 7. e5 Nfd7 8. Bd3 {E11: Bogo-Indian} c5 9. O-O (9. Qc2 h6 10. O-O Nc6 11. Nb3 a5 12. Bf4 b6 13. Rfe1 dxc4 14. Bxc4 a4 15. Nbd2 Bb7 {½-½ (37) Bluebaum,M (2643)-Anand,V (2783) Germany 2017}) 9... Nc6 10. Re1 a5 11. Qc2 h6 {LiveBook: 5 Games. The position is equal.} 12. Nb3 dxc4 13. Bxc4 cxd4 14. Qe4 a4 $1 {[%cal Ra4b3]} ({Much worse is} 14... Nc5 $6 15. Nxc5 Bxc5 16. Bd3 $16) 15. Bxh6 {[#] Threatens to win with Qg4.} axb3 $146 ({But not} 15... gxh6 $6 16. Bd3 $16) ({Predecessor:} 15... Ndxe5 16. Nxe5 Nxe5 17. Qxe5 {½-½ (83) Paravyan,D (2631)-Lomasov,S (2550) Loo 2018}) 16. Bxg7 $1 Kxg7 17. Qg4+ Kh8 {Hoping for ...Rg8.} 18. Qh5+ Kg7 $1 19. Qg4+ Kh8 {[#] ...Rg8 is the strong threat.} 20. Qh5+ Kg7 $1 21. Qg4+ 1/2-1/2

[Event "RUS-chT Premier League 2018"]
[Site "Sochi"]
[Date "2018.05.10"]
[Round "9"]
[White "Gelfand, Boris"]
[Black "Svidler, Peter"]
[Result "1/2-1/2"]
[WhiteElo "2695"]
[BlackElo "2760"]
[Annotator "TA"]
[PlyCount "97"]
[EventDate "2018.??.??"]
[EventCountry "RUS"]
[SourceTitle "playchess.com"]
[Source "ChessBase"]
[SourceQuality "1"]

{[%evp 16,97,8,0,19,13,15,0,0,0,0,-14,-20,-37,-34,-52,-56,-80,-71,-114,-109,-114,-131,-128,-65,-108,-37,-10,-14,-14,-32,-25,-33,-32,-31,-26,-26,-141,-75,-150,-113,-114,-107,-112,-100,-106,-73,-73,-73,-73,-73,-73,-73,-73,-73,-73,-72,-73,-72,-72,-72,-73,-65,-65,-65,-65,-65,-65,-65,-73,-73,-73,-72,-72,-72,-72,-72,-73,-73,-73,-73,-73,-72,-72]} 1. Nf3 Nf6 2. c4 c5 3. Nc3 Nc6 4. d4 cxd4 5. Nxd4 e6 6. g3 Qb6 7. Nf3 {A33: Symmetrical English: 2 Nf3 Nf6 3 d4 cxd4 4 Nxd4 e6 5 Nc3 Nc6} Bc5 (7... Bb4 8. Bg2 O-O 9. O-O Bxc3 10. bxc3 Na5 11. Qa4 d6 12. Be3 Qc7 13. Nd4 a6 14. c5 d5 {0-1 (33) Gelfand,B (2695)-Mamedyarov,S (2809) Moscow 2018}) 8. e3 Bb4 9. Bd2 {LiveBook: 3 Games. The position is equal.} O-O 10. Bg2 Be7 11. O-O $146 ({Predecessor:} 11. Qc2 d5 12. cxd5 Nb4 13. Qb1 Qa6 14. Bf1 Qd6 {0-1 (29) Alsina Lopez,A (1658)-Burguete Archel,E (2209) Villava 2009}) 11... Qxb2 12. e4 d6 13. Rb1 Qa3 14. Re1 Ng4 15. h3 Nge5 16. Nb5 Qxa2 17. Bc3 Qxc4 18. Re3 a6 19. Nc7 {[#]} Rb8 (19... Nxf3+ $1 $17 20. Rxf3 Rb8) 20. Rc1 $1 $15 {[#]} Qc5 (20... Rd8 $1 $17 {Threatens to win with ...Qc5.} 21. Bxe5 dxe5 22. Qxd8+ Bxd8 23. Rxc4 Bxc7) 21. Bxe5 $1 Qa5 22. Nd5 exd5 ({Don't blunder} 22... dxe5 $2 23. Nxe7+ Nxe7 24. Qd6 $18) 23. Bc3 Qd8 {White must now prevent ...dxe4.} 24. exd5 Ne5 $1 25. Nxe5 dxe5 26. d6 (26. Bxe5 $11 {keeps the balance.} Bd6 27. Qd4 Bxe5 28. Qxe5) 26... Qxd6 ({Black should try} 26... Bg5 27. Bxe5 Bxe3 28. fxe3 Qb6) 27. Rd3 ({Better is} 27. Bd5 e4 28. Qh5) 27... Qg6 {...Bf5 is the strong threat.} 28. Bxe5 Bf5 29. Rd4 Rbc8 30. Bxb7 Rxc1 31. Qxc1 Bxh3 32. Qc7 Bf6 33. Bxf6 Qxf6 34. Rd6 Qe5 {And now ...a5 would win.} 35. Bxa6 Qe1+ 36. Kh2 Bg4 37. Kg2 Qe4+ 38. Kg1 Bh3 {[%csl Gh3][%cal Re4g2]} 39. Bb7 Qe1+ 40. Kh2 Be6 41. Qb6 Qe5 42. Rd8 {White threatens Rxf8+ and mate.} g6 {Black is better.} 43. Qd6 Qxd6 (43... Qg7 {keeps more tension.} 44. Be4 Rxd8 45. Qxd8+ Qf8 46. Qf6 Qc5) 44. Rxd6 $17 {KRB-KRB} Kg7 45. Bd5 Bf5 46. f4 Rb8 {Strongly threatening ...Rb2+.} 47. Bf3 Rb2+ 48. Kg1 h5 49. Rd4 {Precision: White = 66%, Black = 69%.} 1/2-1/2

[Event "RUS-chT Premier League 2018"]
[Site "Sochi"]
[Date "2018.05.10"]
[Round "9"]
[White "Malakhov, Vladimir"]
[Black "Matlakov, Maxim"]
[Result "1/2-1/2"]
[WhiteElo "2691"]
[BlackElo "2704"]
[Annotator "TA"]
[PlyCount "83"]
[EventDate "2018.??.??"]
[EventCountry "RUS"]
[SourceTitle "playchess.com"]
[Source "ChessBase"]
[SourceQuality "1"]

{[%evp 24,83,25,18,36,9,9,6,11,8,10,7,8,5,15,6,10,7,25,0,14,0,34,34,34,34,34,34,35,34,41,41,42,25,32,39,39,39,42,39,43,39,43,39,39,39,43,39,39,39,44,39,39,38,45,0,0,0,0,0,0,0]} 1. Nf3 d5 2. g3 g6 3. Bg2 Bg7 4. d4 Nf6 5. O-O O-O 6. c4 dxc4 7. Na3 c5 8. dxc5 c3 {D77: Fianchetto Grünfeld: 6 0-0: Replies other than 6...c6} 9. Nb5 Na6 {[%cal Bb8a6,Ba6c5,Bc5e4][%mdl 32]} 10. Nxc3 Nxc5 11. Be3 Nfe4 12. Nxe4 Nxe4 13. Bd4 {[#] LiveBook: 3 Games} Bf5 $146 ({Predecessor:} 13... Bxd4 14. Qxd4 Qxd4 15. Nxd4 Nd6 16. Rac1 {1-0 (55) Kramnik,V (2787)-Wei,Y (2743) Wijk aan Zee 2018}) 14. Bxg7 Qxd1 15. Rfxd1 Kxg7 16. Nd4 {[#] Black must now prevent g4!} Nd6 $1 17. Nxf5+ gxf5 18. Rac1 Rac8 19. Kf1 b6 20. Ke1 (20. b4 {feels hotter.} Kf6 21. a4 a5 22. Ke1 axb4 23. Rb1) 20... Kf6 21. e3 h6 22. Bf1 Rxc1 23. Rxc1 Rc8 24. Rxc8 Nxc8 $14 {[%mdl 4096] Endgame KB-KN} 25. Kd2 Nd6 26. Kd3 e5 27. Bg2 Ke6 28. b4 e4+ 29. Kc3 Kd5 30. Bf1 f6 31. Be2 Ke5 32. Bd1 Nb5+ 33. Kb2 Nd6 34. Bb3 Nb5 35. Bg8 Nd6 36. Kc3 Nc8 37. Kb3 b5 38. a4 a6 $1 39. a5 Nd6 {The position is equal.} 40. Kc3 Nc8 41. Bf7 Ne7 42. Kb3 {Precision: White = 52%, Black = 66%.} 1/2-1/2

[Event "RUS-chT Premier League 2018"]
[Site "Sochi"]
[Date "2018.05.10"]
[Round "9"]
[White "Rodshtein, Maxim"]
[Black "Riazantsev, Alexander"]
[Result "1-0"]
[WhiteElo "2678"]
[BlackElo "2662"]
[Annotator "TA"]
[PlyCount "81"]
[EventDate "2018.??.??"]
[EventCountry "RUS"]
[SourceTitle "playchess.com"]
[Source "ChessBase"]
[SourceQuality "1"]

{[%evp 16,81,35,41,42,28,31,7,20,9,0,0,12,0,0,0,0,-2,0,0,12,-16,0,0,0,0,2,12,0,10,22,20,35,27,12,23,61,62,99,119,114,100,129,111,119,103,95,87,88,75,159,162,158,162,124,175,170,163,156,167,146,160,516,511,655,618,1210,1198]} 1. e4 c6 2. d4 d5 3. e5 Bf5 4. Nf3 e6 5. Be2 Ne7 6. O-O h6 7. Nbd2 {B12: Caro-Kann: Advance Variation} Nd7 8. Nb3 Bg6 (8... Qc7 9. c3 Bh7 10. Bd3 Bxd3 11. Qxd3 c5 12. Nxc5 Nxc5 13. dxc5 Qxc5 14. Be3 {½-½ (70) Carlsen,M (2832)-So,W (2815) chess.com INT 2017}) 9. a4 {LiveBook: 33 Games. White is slightly better.} a5 10. c3 Nf5 11. Ne1 $146 ({Predecessor:} 11. Bd2 Be7 12. c4 dxc4 13. Bxc4 Bh5 14. Be2 Nf8 15. Bc3 Ng6 {0-1 (36) Svetushkin,D (2573)-Girya,O (2476) Minsk 2017}) 11... Be7 12. Nd3 O-O 13. f4 b6 14. g4 Nh4 15. Be3 c5 {aiming for ...c4.} 16. Nd2 Rc8 17. Qe1 c4 18. Nf2 f5 19. h3 Bh7 20. Nh1 fxg4 21. hxg4 g5 22. Qg3 gxf4 23. Rxf4 Rxf4 24. Bxf4 Bg5 25. Nf2 Ng6 26. Be3 $1 Bxe3 27. Qxe3 Qh4 28. Kg2 {[%cal Bg1g2,Bg2f2,Bf2g3][%mdl 32]} Rf8 {Strongly threatening ...Nf4+.} 29. Nf3 Nf4+ {[#]} 30. Qxf4 $1 {[%mdl 512]} Qxf2+ (30... Rxf4 31. Nxh4) 31. Kxf2 Rxf4 32. Kg3 Rf8 (32... Rf7 $142) 33. Rh1 Kg7 34. g5 hxg5 35. Nxg5 Bg8 36. Bg4 Re8 37. Rf1 Kg6 38. Kh4 Rf8 $2 {[#]} (38... Kg7 $16 {is tougher.} 39. Kg3 Re7) 39. Rh1 $18 {White is clearly winning.} Rc8 40. Rg1 Rc6 41. Nxe6 {Precision: White = 83%, Black = 45%.} 1-0

[Event "RUS-chT Premier League 2018"]
[Site "Sochi"]
[Date "2018.05.10"]
[Round "9"]
[White "Kamsky, Gata"]
[Black "Paravyan, David"]
[Result "1/2-1/2"]
[WhiteElo "2670"]
[BlackElo "2620"]
[Annotator "TA"]
[PlyCount "80"]
[EventDate "2018.??.??"]
[EventCountry "RUS"]
[SourceTitle "playchess.com"]
[Source "ChessBase"]
[SourceQuality "1"]

{[%evp 22,80,2,17,21,32,34,35,42,17,26,25,63,71,96,36,25,6,6,6,6,6,3,8,8,12,7,0,10,0,12,0,0,0,0,0,0,0,0,0,0,0,0,0,0,0,0,0,0,0,0,0,0,0,0,0,0,0,0,0,0]} 1. e4 c5 2. c3 Nf6 3. e5 Nd5 4. Nf3 Nc6 5. d4 cxd4 6. Bc4 Nb6 7. Bb3 d5 8. exd6 Qxd6 9. Na3 a6 10. O-O Bf5 11. Nxd4 Nxd4 12. cxd4 {LiveBook: 38 Games. White wants to play Qf3.} g6 {B22: Sicilian: 2 c3} (12... e6 13. Qf3 Qd7 14. d5 Nxd5 15. Rd1 Bxa3 16. bxa3 O-O 17. h4 Rac8 18. Bxd5 exd5 19. Rxd5 Qe8 20. Rxf5 {½-½ (30) Howell,D (2644)-Vidit,S (2686) Douglas 2016}) 13. Re1 $146 ({Predecessor:} 13. Qf3 Bg7 14. Qxb7 O-O 15. Be3 Rfb8 16. Qf3 e5 17. dxe5 Bxe5 18. Rad1 Qb4 19. Bxb6 Qxb6 20. Nc4 Qc7 21. Nxe5 Qxe5 22. Rfe1 Qf6 23. Rd7 Re8 24. Red1 Qe5 25. Bxf7+ Kh8 26. Bxe8 Rxe8 27. Rd8 {1-0 (27) Picard,R (2339)-Goes,S (2127) Bussum 2009}) 13... Bg7 $1 14. Bg5 Bf6 $1 {[%cal Rf6g5] White is slightly better.} 15. Bxf6 Qxf6 16. Qf3 O-O 17. Qxb7 Qxd4 18. Qxe7 (18. Rad1 $16 Qxb2 19. Qxb6 (19. Rxe7 Rab8 $16) (19. Qxe7 Kg7 $14) 19... Qxa3 20. Re3) 18... Qxb2 $14 19. h3 a5 {The position is equal.} 20. Rad1 a4 21. Nc4 Nxc4 22. Bxc4 Rac8 $132 {[%mdl 2048] Black is not keeping still} 23. Bd5 Kg7 24. Re2 Qf6 25. g4 Bc2 26. Qxf6+ Kxf6 27. Rdd2 Rfd8 28. Rxc2 Rxc2 29. Rxc2 Rxd5 $11 {[%mdl 4096] Endgame KR-KR} 30. Rc4 Rd3 31. Rxa4 Rxh3 32. Kg2 Rc3 33. Ra5 g5 34. a4 Ra3 35. f3 Kg6 36. Ra8 h5 37. Ra6+ f6 38. gxh5+ Kxh5 39. Rxf6 Rxa4 40. Kg3 Ra3 {Precision: White = 65%, Black = 92%.} 1/2-1/2

[Event "RUS-chT Premier League 2018"]
[Site "Sochi"]
[Date "2018.05.10"]
[Round "9"]
[White "Najer, Evgeniy"]
[Black "Shinkevich, Vitaly"]
[Result "1-0"]
[WhiteElo "2667"]
[BlackElo "2433"]
[Annotator "TA"]
[PlyCount "53"]
[EventDate "2018.??.??"]
[EventCountry "RUS"]
[SourceTitle "playchess.com"]
[Source "ChessBase"]
[SourceQuality "1"]

{[%evp 11,53,-50,-56,-62,-54,-58,0,0,0,-10,27,27,56,47,50,56,67,63,72,79,80,77,71,74,111,108,111,121,135,108,125,85,134,112,291,310,280,280,323,94,302,283,283,282]} 1. d4 Nf6 2. c4 e6 3. Nf3 Bb4+ 4. Nbd2 d5 5. Qa4+ Nc6 6. Ne5 Bd7 $1 {LiveBook: 9 Games. E11: Bogo-Indian} 7. Nxd7 (7. Nxc6 Bxd2+ 8. Bxd2 Bxc6 9. Qc2 dxc4 10. Qxc4 Ne4 11. Bf4 Nxf2 12. Kxf2 Qf6 13. Ke3 O-O-O 14. g3 {0-1 (52) Schekachikhin,M (2395)-Sargissian,G (2650) Minsk 2017}) 7... Qxd7 8. e3 O-O {Black is slightly better.} 9. a3 Bxd2+ 10. Bxd2 {[%cal Bc1d2,Bd2b4,Bb4c3][%mdl 32]} Ne4 11. Rd1 $146 ({Predecessor:} 11. Bc3 Rad8 12. Qc2 e5 13. dxe5 Nxc3 14. Qxc3 {½-½ (40) Anino,S (2156)-Fidel,R (2197) Mar del Plata 2014}) 11... e5 12. cxd5 $1 Qxd5 13. Bc4 Qd6 14. d5 $36 {[%mdl 2048] White is pushing.} Ne7 15. Bb4 Nc5 16. Qc2 a5 17. Bc3 Nd7 18. O-O f5 19. b4 a4 20. f3 {[%cal Bf2f3,Bf3f4,Bf4e5,Be5f6][%mdl 32]} Kh8 21. Ba2 Qb6 22. Kh1 Qxe3 $2 {[#]} (22... Ng6 $16 {is a better defense.}) 23. f4 $1 $18 {[%mdl 512]} Nf6 (23... exf4 24. Rde1) 24. Rf3 ({Don't play} 24. fxe5 $6 Ne4 $16) ({Much less strong is} 24. Bxe5 $6 Rae8 $18) 24... Qe4 25. Qb2 $2 (25. Qd2 $18 {is the precise move to win.}) 25... Nexd5 $2 (25... Nfxd5 $16 26. Bxe5 Nf6) 26. fxe5 Nxc3 27. exf6 {Precision: White = 70%, Black = 34%.} 1-0

[Event "RUS-chT Premier League 2018"]
[Site "Sochi"]
[Date "2018.05.10"]
[Round "9"]
[White "Rublevsky, Sergei"]
[Black "Alekseenko, Kirill"]
[Result "0-1"]
[WhiteElo "2665"]
[BlackElo "2625"]
[Annotator "TA"]
[PlyCount "78"]
[EventDate "2018.??.??"]
[EventCountry "RUS"]
[SourceTitle "playchess.com"]
[Source "ChessBase"]
[SourceQuality "1"]

{[%evp 21,78,11,9,0,11,0,9,0,18,31,30,20,22,0,-3,-2,0,0,14,-5,-3,-8,0,-20,0,-11,-9,-17,8,-20,0,-68,-56,-62,-65,-59,-67,-58,-60,-77,-69,-80,-98,-197,-139,-141,-125,-525,-524,-559,-557,-557,-516,-29995,-29995,-29995,-29996,-29997,-29997]} 1. e4 c5 2. Nf3 d6 3. d4 cxd4 4. Nxd4 Nf6 5. Nc3 a6 6. Be2 e5 7. Nb3 Be7 8. O-O O-O 9. Re1 Be6 {B92: Sicilian Najdorf: 6 Be2} 10. Bf3 Nbd7 11. a4 {[%cal Ba2a4,Ba4a5][%mdl 32]} Qb8 {LiveBook: 46 Games. The position is equal.} 12. h3 Rc8 13. Nd2 Bd8 14. Nf1 Bb6 $146 ({Predecessor:} 14... Ba5 15. Bd2 Rc4 16. Nb1 Qc7 17. c3 {1-0 (39) Areshchenko,A (2682)-Santos Ruiz,M (2480) Sharjah 2017}) 15. a5 Bd4 16. Ne2 Bc5 17. Be3 b6 18. axb6 Qxb6 19. b3 a5 20. Neg3 g6 21. Nf5 {Black must now prevent Ne7+.} Rd8 22. g4 Kh8 (22... a4 {is more complex.} 23. bxa4 gxf5 24. exf5 Bc4 25. Bxa8 Rxa8 26. g5 Nd5) 23. N1g3 Bxe3 24. Nxe3 Nc5 (24... a4 $5) 25. g5 Ng8 26. Bg4 (26. h4 $11) 26... f6 $15 27. Bxe6 Nxe6 28. Nd5 Qa7 29. gxf6 Rf8 30. Re3 {[#]} Qf7 $1 31. Ne2 ({Avoid the trap} 31. Rf3 $2 Ng5 $19) 31... Ng5 32. Nb6 (32. Qd3 $17 {is a better defense.} Nxf6 33. Rf1) 32... Rad8 ({Worse is} 32... Qxf6 33. Qf1 $11) (32... Nxf6 $19 {aiming for ...Ng4!} 33. f4 Nfxe4) 33. f4 $17 Nxf6 {Strongly threatening ...d5.} 34. fxg5 $4 {[%mdl 8192]} (34. Rxa5 $17 {is a better chance.} Nfxe4 35. Nd5) 34... Ng4 $1 $19 {( -> ...Qf2+)} 35. hxg4 Qf2+ 36. Kh1 Qxe3 37. Nc4 {[#]} (37. Qd3 $19 Qxb6 38. Ng3) 37... Qh3+ {Black mates.} 38. Kg1 Qxg4+ 39. Kh1 Rf2 {Precision: White = 32%, Black = 70%.} 0-1

[Event "RUS-chT Premier League 2018"]
[Site "Sochi"]
[Date "2018.05.10"]
[Round "9"]
[White "Grachev, Boris"]
[Black "Skatchkov, Valery"]
[Result "1/2-1/2"]
[WhiteElo "2647"]
[BlackElo "2338"]
[Annotator "TA"]
[PlyCount "83"]
[EventDate "2018.??.??"]
[EventCountry "RUS"]
[SourceTitle "playchess.com"]
[Source "ChessBase"]
[SourceQuality "1"]

{[%evp 20,83,0,-21,15,13,15,0,-2,-21,0,-27,-39,-56,-25,-35,-15,-99,-69,-92,-14,-7,-30,-30,0,-25,-21,-63,-20,-21,-25,-35,-46,-33,-39,-38,-22,-37,-34,-18,-5,-14,0,-8,6,8,43,0,0,0,0,-264,0,0,0,-260,0,0,0,-261,0,0,0,-245,0,0]} 1. c4 e5 2. d3 Nc6 3. Nf3 Nf6 4. Nc3 d5 5. cxd5 Nxd5 6. e3 Be6 7. Be2 Be7 8. O-O O-O 9. Qc2 f5 10. a3 a5 11. Bd2 {LiveBook: 14 Games. A28: English Opening: Four Knights Variation} (11. Na4 Qd6 12. Rd1 Rad8 13. d4 e4 14. Nd2 Bf7 15. Nc3 Qh6 16. Nxd5 Bxd5 17. Bc4 Kh8 18. Bxd5 Rxd5 {0-1 (55) Van Wely,L (2692)-Karjakin,S (2769) Wijk aan Zee 2012}) 11... Qe8 12. Nxd5 Bxd5 13. Bc3 Qg6 14. Qa4 $146 ({Predecessor:} 14. b3 e4 15. dxe4 Bxe4 16. Qb2 f4 17. Rae1 Kh8 18. b4 axb4 19. axb4 {½-½ (30) Trois,F (2395)-Tompa,J (2440) Zamardi 1980}) 14... Rfd8 15. Rfd1 {[#]} b5 $1 {[%cal Bb7b5,Bb5b4][%mdl 544]} 16. Qc2 $1 (16. Qxb5 Rab8) 16... b4 17. Be1 Kh8 18. Qa4 (18. axb4 $11 axb4 19. Rxa8 Rxa8 20. Qd2) 18... Rab8 19. axb4 Bxb4 (19... axb4 $17 20. Rdc1 Rb7) 20. Qc2 $11 Bxe1 21. Rxe1 Rb4 (21... h6 {looks sharper.} 22. g3 Qf6 23. Nd2 f4 24. Qc3 Rf8) 22. g3 Rdb8 23. Reb1 Qe6 24. Nd2 f4 {...fxe3 is the strong threat.} 25. Bf3 Bxf3 26. Nxf3 fxe3 27. fxe3 Qh6 28. Qe2 e4 29. dxe4 Rxe4 30. Ra3 Rbe8 {[%cal Re4e3]} 31. Re1 Nb4 32. Rxa5 {[#] Black must now prevent Ng5.} Qb6 33. Qb5 Nd3 $36 {[%mdl 2048] Black has some pressure.} 34. Re2 Nc1 35. Re1 $2 {[%mdl 8192]} (35. Rf2 $11 {and White stays safe.}) 35... Nd3 $2 (35... Rxe3 $19 36. Kg2 Rxe1 37. Nxe1 Qe3) 36. Re2 Nc1 $2 {[%mdl 8192]} (36... Qxb5 $11 37. Rxb5 g6) 37. Re1 $19 Nd3 $2 (37... Rxe3 $19 38. Rxe3 Qxe3+ 39. Kg2 Nd3) 38. Re2 $11 Nc1 $2 {[%mdl 8192]} (38... Qxb5 $11 39. Rxb5 g6) 39. Re1 $19 Nd3 40. Re2 Nc1 41. Re1 Nd3 $2 ({Black should try} 41... Rxe3 $19 42. Rxe3 Qxe3+ 43. Kg2 Nd3) 42. Re2 {Precision: White = 55%, Black = 43%.} 1/2-1/2